Premierzy Fidzasji - Statystyki

Ogólne statystyki
  • Ten quiz został rozwiązany 12 razy
  • Średni wynik to 8 z 12
Statystyki odpowiedzi
Lata rządów Premier % Poprawnych
2249-2273 Lucjan Światło
100%
2297-2299 Lucjan Światło
100%
2206-2211 Apoloniusz Fidzacki
75%
2117-2134 Maksymilian Fidzacki
75%
2282-2283 Szelon Mobilitz
75%
2299-2308 Dameron Manfford
50%
2308- Daniel Gracz
50%
2227-2227 Karol Bartowicz
50%
2238-2240 Meso Miver
50%
2247-2249 Meso Miver
50%
2273-2282 Szymon Hellen
50%
2283-2297 Szymon Hołownia
50%
Nie znaleziono quizów pasujących do podanych kryteriów
Rozkład punktacji
Procent ludzi z każdym wynikiem
Percentyl według liczby udzielonych odpowiedzi
Twoja historia wyników
Nie rozwiązałeś tego quizu